| 000 | 00358nam a2200133Ia 4500 | ||
|---|---|---|---|
| 005 | 20251222144904.0 | ||
| 008 | 251222s9999||||xx |||||||||||||| ||spa|| | ||
| 020 | _a84-330-1567-2 | ||
| 082 | _a370.196/F75T | ||
| 100 | _aFornet-Betancourt, Raúl | ||
| 245 | 0 | _aTransformación Intercultural de la Filosofía: | |
| 264 | _bDesclée de Brouwer | ||
| 942 | _cLIB | ||
| 999 |
_c22087 _d22087 |
||